000 00805cam a22002537a 4500
001 28282
003 BD-RjUL
005 20211209051248.0
008 140330s1964 qucc 001 0 fre
035 _a(BD-RjUL)28363
040 _aDLC
_cDLC
_dDLC
_dBD-RjUL
_beng
041 _aeng
082 _a971
_bFAL 1964
100 1 _aFalardeau, Jean-Charles,
_d1914-1989.
_986607
245 1 2 _aL'essor des sciences sociales au Canada français /
_cpar Jean-Charles Falardeau.
260 _aQuébec :
_bMinistère des affaires culturelles,
_c1964.
300 _a67 p. :
_bill. ;
_c23 cm.
490 0 _aCollection art, vie et sciences au Canada français
_v6
504 _aIncludes index.
653 0 _aSocial sciences;
_aFrench Canada
942 _2ddc
_cBK
999 _c28282
_d28282